000 00419nam a2200157Ia 4500
008 210716s2005 xx 000 0 und d
020 _a9780199204472
041 _aeng
082 _a658.303 TAYM
100 _aTayeb, Monir H.
245 _aInternational human resource management.
250 _a1
260 _aNew York
_bOxford University Press
_c2005
300 _axiii,242
650 _aHuman Resource Management
999 _c202583
_d202583